| 000 | 00961nam a2200265 a 4500 | ||
|---|---|---|---|
| 001 | 000021393 | ||
| 003 | DO-SdBNP | ||
| 005 | 20250409122710.0 | ||
| 008 | 100907s1979 dr b 000 0 spa d | ||
| 040 |
_aDO-SdBNP _bspa _cBNPHU |
||
| 082 | 4 |
_aR 016.97293 _bP128b _222 |
|
| 100 | 1 |
_aPagán Perdomo, Dato _921572 |
|
| 245 | 1 | 0 |
_aBibliografía general de la Isla de Santo Domingo : _bcontribución a su estudio / _cDato Pagán Perdomo. |
| 260 |
_aSan Pedro de Macorís : _bUCE, _c1979. |
||
| 300 |
_a2v. ; _c26 cm. |
||
| 490 | 1 |
_aCientífica _v9 |
|
| 500 | _aIncluye índice de autores, titulos y materias | ||
| 500 | _aIncluye datos biográficos del autor en la contraportada | ||
| 590 | _aInventariado, 2019/MFF | ||
| 651 | 4 |
_aIsla Española (Haití y República Dominicana) _944648 _vBibliografías |
|
| 710 | 1 |
_aUniversidad Central del Este _937229 |
|
| 830 | 0 |
_aCientífica _v9 _925797 |
|
| 910 | _aValidado. Control de calidad MFF | ||
| 942 |
_2ddc _cLBS1 |
||
| 999 |
_c20893 _d20893 |
||